| 000 | 00687nam a2200205 a 4500 | ||
|---|---|---|---|
| 001 | BRCA_695 | ||
| 005 | 20190320203117.0 | ||
| 008 | 870807s1985 fr-a---###---#000-0#fre-d | ||
| 040 |
_aSdAbN _cDLC _dDLC |
||
| 050 | 4 |
_aN6465.A7 _b.W58 1990 |
|
| 100 | 1 |
_aWittlich, Petr _92293 |
|
| 245 | 1 | 0 |
_aArt Nouveau _bpintura, grabado, escultura, arquitectura, artes aplicadas _ctexto de Petr Wittlich ; traducción Pedro José Aguado Sáiz. |
| 260 |
_aMadrid _bLibsa _c1990 |
||
| 300 |
_a206 p. _bil. (algunas a color) _c28 cm. |
||
| 500 | _aIncluye lista de ilustraciones | ||
| 650 | 1 | 4 |
_aArt Nouveau _92294 |
| 653 | 0 | _aArtes decorativas | |
| 700 | 1 |
_aAguado Sáiz, Pedro José _91462 |
|
| 942 |
_2lcc _cB |
||
| 999 |
_c601 _d601 |
||